000 00318nam a22001337a 4500
008 170703b xxu||||| |||| 00| 0 eng d
020 _a9780385523981
041 _aeng
080 _a82
100 _a22
101 _aGJL
245 _aSUPERNDER APPEASING ISLAM SACRIFICING FREEDOM
_cBAWER.B
942 _2udc
_cBK
999 _c19834
_d19834